Държави по буква - Д - Statistics

General Stats
  • This quiz has been taken 88 times
  • The average score is 3 of 5
Answer Stats
Държава % Correct
Дания
98%
Доминика
62%
Джибути
56%
Доминиканска Република
48%
Демократична република Конго
33%
No matching quizzes found
Score Distribution
Percent of People with Each Score
Percentile by Number Answered
Your Score History
You have not taken this quiz